[Event "DEM U12 2023"]
[Site "Willingen GER"]
[Date "2023.05.31"]
[Round "5"]
[White "Sydykov, Bayastan"]
[Black "Glöckler, Christian"]
[Result "1/2-1/2"]
[Termination "normal"]
[Board "1"]
[BlackTitle "FM"]
[WhiteElo "1939"]
[BlackElo "2288"]
[WhiteClock "00:18:47"]
[BlackClock "00:07:28"]
[PlyCount "76"]
[WhiteFideId "13829610"]
[BlackFideId "34608966"]
[EventCountry "GER"]
[EventRounds "9"]
[EventType "swiss"]
[EventDate "2023.05.27"]

1. e4 {[%clk 01:30:54]} {[%emt 00:00:05]} c5 {[%clk 01:30:50]} {[%emt
00:00:11]} 2. Nf3 {[%clk 01:31:06]} {[%emt 00:00:17]} Nc6 {[%clk 01:30:45]}
{[%emt 00:00:35]} 3. c3 {[%clk 01:29:42]} {[%emt 00:01:54]} Nf6 {[%clk
01:30:45]} {[%emt 00:00:30]} 4. Qc2 {[%clk 01:28:35]} {[%emt 00:01:38]} e5
{[%clk 01:28:28]} {[%emt 00:02:47]} 5. Bc4 {[%clk 01:26:40]} {[%emt 00:02:25]}
h6 {[%clk 01:26:57]} {[%emt 00:02:01]} 6. O-O {[%clk 01:23:50]} {[%emt
00:03:19]} a6 {[%clk 01:21:00]} {[%emt 00:06:27]} 7. d4 {[%clk 01:19:24]}
{[%emt 00:04:56]} d6 {[%clk 01:14:00]} {[%emt 00:07:31]} 8. Bd5 {[%clk
01:11:32]} {[%emt 00:08:22]} exd4 {[%clk 00:52:34]} {[%emt 00:21:55]} 9. Bxc6+
{[%clk 01:09:54]} {[%emt 00:02:08]} bxc6 {[%clk 00:52:57]} {[%emt 00:00:07]}
10. cxd4 {[%clk 01:09:50]} {[%emt 00:00:34]} cxd4 {[%clk 00:52:03]} {[%emt
00:01:24]} 11. Nxd4 {[%clk 01:03:32]} {[%emt 00:06:48]} c5 {[%clk 00:49:00]}
{[%emt 00:03:33]} 12. Ne2 {[%clk 01:02:30]} {[%emt 00:01:32]} Be7 {[%clk
00:47:30]} {[%emt 00:02:00]} 13. Nbc3 {[%clk 01:01:01]} {[%emt 00:02:00]} Bb7
{[%clk 00:45:30]} {[%emt 00:02:29]} 14. Rd1 {[%clk 00:59:49]} {[%emt 00:01:42]}
Qc8 {[%clk 00:44:45]} {[%emt 00:01:15]} 15. f3 {[%clk 00:56:26]} {[%emt
00:03:54]} O-O {[%clk 00:41:18]} {[%emt 00:03:56]} 16. Be3 {[%clk 00:52:28]}
{[%emt 00:04:28]} Rd8 {[%clk 00:38:59]} {[%emt 00:02:49]} 17. Nf4 {[%clk
00:48:19]} {[%emt 00:04:39]} Rb8 {[%clk 00:38:00]} {[%emt 00:01:30]} 18. Rac1
{[%clk 00:46:07]} {[%emt 00:02:41]} Bc6 {[%clk 00:34:30]} {[%emt 00:03:58]} 19.
b3 {[%clk 00:43:09]} {[%emt 00:03:31]} Bf8 {[%clk 00:31:30]} {[%emt 00:03:29]}
20. Rd2 {[%clk 00:40:40]} {[%emt 00:03:00]} a5 {[%clk 00:27:00]} {[%emt
00:05:00]} 21. Rcd1 {[%clk 00:36:41]} {[%emt 00:04:28]} Qc7 {[%clk 00:26:09]}
{[%emt 00:01:20]} 22. Nfd5 {[%clk 00:32:25]} {[%emt 00:04:47]} Nxd5 {[%clk
00:26:29]} {[%emt 00:00:10]} 23. Nxd5 {[%clk 00:32:49]} {[%emt 00:00:06]} Qa7
{[%clk 00:25:56]} {[%emt 00:01:03]} 24. Rd3 {[%clk 00:28:11]} {[%emt 00:05:08]}
a4 {[%clk 00:23:29]} {[%emt 00:02:57]} 25. Qf2 {[%clk 00:26:34]} {[%emt
00:02:07]} axb3 {[%clk 00:22:22]} {[%emt 00:01:38]} 26. axb3 {[%clk 00:26:55]}
{[%emt 00:00:08]} Bb5 {[%clk 00:21:00]} {[%emt 00:01:52]} 27. R3d2 {[%clk
00:25:02]} {[%emt 00:02:24]} Qb7 {[%clk 00:19:58]} {[%emt 00:01:31]} 28. Bf4
{[%clk 00:21:53]} {[%emt 00:03:38]} Bc6 {[%clk 00:19:00]} {[%emt 00:01:29]} 29.
Ne3 {[%clk 00:21:45]} {[%emt 00:00:38]} Qxb3 {[%clk 00:17:22]} {[%emt
00:02:08]} 30. Nf5 {[%clk 00:22:01]} {[%emt 00:00:14]} c4 {[%clk 00:15:16]}
{[%emt 00:02:36]} 31. Nd4 {[%clk 00:19:33]} {[%emt 00:02:57]} Qa4 {[%clk
00:15:00]} {[%emt 00:00:47]} 32. Rc1 {[%clk 00:19:27]} {[%emt 00:00:36]} Ra8
{[%clk 00:10:29]} {[%emt 00:05:01]} 33. Rdc2 {[%clk 00:18:51]} {[%emt
00:01:05]} d5 {[%clk 00:10:04]} {[%emt 00:00:55]} 34. Nxc6 {[%clk 00:18:48]}
{[%emt 00:00:34]} Qxc6 {[%clk 00:10:27]} {[%emt 00:00:07]} 35. exd5 {[%clk
00:18:51]} {[%emt 00:00:28]} Qxd5 {[%clk 00:09:56]} {[%emt 00:01:00]} 36. Rxc4
{[%clk 00:18:07]} {[%emt 00:01:14]} Qxc4 {[%clk 00:07:40]} {[%emt 00:02:47]}
37. Rxc4 {[%clk 00:18:24]} {[%emt 00:00:12]} Ra1+ {[%clk 00:07:30]} {[%emt
00:00:40]} 38. Qf1 {[%clk 00:18:47]} {[%emt 00:00:07]} Rxf1+ {[%clk 00:07:28]}
{[%emt 00:00:32]} 1/2-1/2

[Event "DEM U12 2023"]
[Site "Willingen GER"]
[Date "2023.05.31"]
[Round "5"]
[White "Buchinger, Alexis"]
[Black "Shen, Tingrui"]
[Result "1/2-1/2"]
[Termination "normal"]
[Board "2"]
[WhiteElo "1943"]
[BlackElo "1801"]
[WhiteClock "00:07:52"]
[BlackClock "00:09:17"]
[PlyCount "53"]
[WhiteFideId "16287134"]
[BlackFideId "34603441"]
[EventCountry "GER"]
[EventRounds "9"]
[EventType "swiss"]
[EventDate "2023.05.27"]

1. e4 {[%clk 01:30:58]} {[%emt 00:00:02]} c5 {[%clk 01:30:28]} {[%emt
00:00:32]} 2. Nf3 {[%clk 01:31:22]} {[%emt 00:00:05]} Nc6 {[%clk 01:30:10]}
{[%emt 00:00:48]} 3. c4 {[%clk 01:31:13]} {[%emt 00:00:39]} g6 {[%clk
01:29:25]} {[%emt 00:01:15]} 4. d4 {[%clk 01:31:39]} {[%emt 00:00:05]} cxd4
{[%clk 01:29:48]} {[%emt 00:00:07]} 5. Nxd4 {[%clk 01:32:07]} {[%emt 00:00:02]}
Nf6 {[%clk 01:29:46]} {[%emt 00:00:32]} 6. Nc3 {[%clk 01:32:21]} {[%emt
00:00:15]} Nxd4 {[%clk 01:29:53]} {[%emt 00:00:24]} 7. Qxd4 {[%clk 01:32:48]}
{[%emt 00:00:04]} d6 {[%clk 01:30:08]} {[%emt 00:00:15]} 8. Be2 {[%clk
01:26:31]} {[%emt 00:06:46]} Bg7 {[%clk 01:30:21]} {[%emt 00:00:16]} 9. Be3
{[%clk 01:22:51]} {[%emt 00:04:09]} O-O {[%clk 01:28:12]} {[%emt 00:02:40]} 10.
Qd2 {[%clk 01:21:03]} {[%emt 00:02:18]} a5 {[%clk 01:27:46]} {[%emt 00:00:57]}
11. Bh6 {[%clk 01:12:43]} {[%emt 00:08:49]} a4 {[%clk 01:22:37]} {[%emt
00:05:40]} 12. Bxg7 {[%clk 01:05:39]} {[%emt 00:07:34]} Kxg7 {[%clk 01:22:47]}
{[%emt 00:00:20]} 13. O-O {[%clk 00:58:08]} {[%emt 00:08:00]} Qa5 {[%clk
01:21:28]} {[%emt 00:01:49]} 14. Qd4 {[%clk 00:55:06]} {[%emt 00:03:33]} Be6
{[%clk 01:15:00]} {[%emt 00:06:56]} 15. f4 {[%clk 00:51:28]} {[%emt 00:04:09]}
Qa7 {[%clk 01:03:32]} {[%emt 00:11:59]} 16. Rad1 {[%clk 00:46:43]} {[%emt
00:05:15]} Rfc8 {[%clk 00:53:40]} {[%emt 00:10:21]} 17. Qxa7 {[%clk 00:40:55]}
{[%emt 00:06:18]} Rxa7 {[%clk 00:53:30]} {[%emt 00:00:41]} 18. Rd4 {[%clk
00:40:36]} {[%emt 00:00:48]} Ra5 {[%clk 00:43:51]} {[%emt 00:10:09]} 19. Nb5
{[%clk 00:34:11]} {[%emt 00:06:56]} Ne8 {[%clk 00:31:41]} {[%emt 00:12:40]} 20.
g4 {[%clk 00:28:39]} {[%emt 00:06:02]} Bd7 {[%clk 00:27:33]} {[%emt 00:04:38]}
21. Nc3 {[%clk 00:25:30]} {[%emt 00:03:39]} Bc6 {[%clk 00:22:33]} {[%emt
00:05:29]} 22. Kf2 {[%clk 00:18:29]} {[%emt 00:07:31]} Nc7 {[%clk 00:20:41]}
{[%emt 00:02:22]} 23. Ke3 {[%clk 00:17:43]} {[%emt 00:01:15]} f6 {[%clk
00:14:25]} {[%emt 00:06:47]} 24. Rfd1 {[%clk 00:15:20]} {[%emt 00:02:53]} Ne6
{[%clk 00:13:49]} {[%emt 00:01:06]} 25. R4d2 {[%clk 00:15:36]} {[%emt
00:00:15]} Kf7 {[%clk 00:10:13]} {[%emt 00:04:04]} 26. h4 {[%clk 00:12:26]}
{[%emt 00:03:42]} h6 {[%clk 00:09:17]} {[%emt 00:01:25]} 27. Bf3 {[%clk
00:07:52]} {[%emt 00:05:05]} 1/2-1/2

[Event "DEM U12 2023"]
[Site "Willingen GER"]
[Date "2023.05.31"]
[Round "5"]
[White "Ratushnyi, Viktor"]
[Black "Nezhyvenko, Mykhaylo"]
[Result "1/2-1/2"]
[Termination "normal"]
[Board "3"]
[WhiteElo "1627"]
[BlackElo "1787"]
[WhiteClock "00:17:17"]
[BlackClock "01:09:58"]
[PlyCount "51"]
[WhiteFideId "34167293"]
[BlackFideId "34139885"]
[EventCountry "GER"]
[EventRounds "9"]
[EventType "swiss"]
[EventDate "2023.05.27"]

1. e4 {[%clk 01:30:56]} {[%emt 00:00:02]} c6 {[%clk 01:31:00]} {[%emt
00:00:02]} 2. Nf3 {[%clk 01:31:10]} {[%emt 00:00:16]} d5 {[%clk 01:31:20]}
{[%emt 00:00:10]} 3. exd5 {[%clk 01:31:34]} {[%emt 00:00:05]} cxd5 {[%clk
01:31:42]} {[%emt 00:00:08]} 4. Ne5 {[%clk 01:32:00]} {[%emt 00:00:04]} Nf6
{[%clk 01:29:24]} {[%emt 00:02:48]} 5. d4 {[%clk 01:29:23]} {[%emt 00:03:06]}
Nc6 {[%clk 01:29:42]} {[%emt 00:00:13]} 6. Bb5 {[%clk 01:25:52]} {[%emt
00:04:00]} Bd7 {[%clk 01:27:25]} {[%emt 00:02:48]} 7. Bxc6 {[%clk 01:25:56]}
{[%emt 00:00:25]} bxc6 {[%clk 01:27:14]} {[%emt 00:00:42]} 8. O-O {[%clk
01:25:27]} {[%emt 00:00:57]} e6 {[%clk 01:26:56]} {[%emt 00:00:49]} 9. Bg5
{[%clk 01:14:47]} {[%emt 00:11:10]} h6 {[%clk 01:26:53]} {[%emt 00:00:34]} 10.
Bxf6 {[%clk 01:14:42]} {[%emt 00:00:33]} gxf6 {[%clk 01:27:20]} {[%emt
00:00:04]} 11. Nd3 {[%clk 01:14:30]} {[%emt 00:00:42]} Bd6 {[%clk 01:26:56]}
{[%emt 00:00:54]} 12. Nd2 {[%clk 01:08:20]} {[%emt 00:06:39]} e5 {[%clk
01:25:05]} {[%emt 00:02:22]} 13. dxe5 {[%clk 00:54:38]} {[%emt 00:14:12]} fxe5
{[%clk 01:25:34]} {[%emt 00:00:02]} 14. Nxe5 {[%clk 00:54:51]} {[%emt
00:00:16]} Bxe5 {[%clk 01:23:57]} {[%emt 00:02:07]} 15. Re1 {[%clk 00:55:04]}
{[%emt 00:00:18]} f6 {[%clk 01:23:55]} {[%emt 00:00:31]} 16. f4 {[%clk
00:54:46]} {[%emt 00:00:48]} Qb6+ {[%clk 01:23:39]} {[%emt 00:00:47]} 17. Kh1
{[%clk 00:54:04]} {[%emt 00:01:11]} O-O-O {[%clk 01:24:01]} {[%emt 00:00:08]}
18. fxe5 {[%clk 00:53:31]} {[%emt 00:01:04]} fxe5 {[%clk 01:24:30]} {[%emt
00:00:01]} 19. Rxe5 {[%clk 00:53:16]} {[%emt 00:00:43]} Qxb2 {[%clk 01:24:58]}
{[%emt 00:00:03]} 20. Re3 {[%clk 00:40:45]} {[%emt 00:12:59]} Kc7 {[%clk
01:19:51]} {[%emt 00:05:39]} 21. Rb1 {[%clk 00:36:15]} {[%emt 00:05:01]} Qd4
{[%clk 01:17:55]} {[%emt 00:02:25]} 22. Qe1 {[%clk 00:33:29]} {[%emt 00:03:16]}
Rhf8 {[%clk 01:16:22]} {[%emt 00:02:03]} 23. Nf3 {[%clk 00:32:02]} {[%emt
00:01:57]} Qf4 {[%clk 01:12:07]} {[%emt 00:04:45]} 24. Rb4 {[%clk 00:30:14]}
{[%emt 00:02:17]} Qd6 {[%clk 01:11:17]} {[%emt 00:01:22]} 25. Reb3 {[%clk
00:28:50]} {[%emt 00:01:53]} Rb8 {[%clk 01:09:58]} {[%emt 00:01:49]} 26. Rxb8
{[%clk 00:17:17]} {[%emt 00:12:03]} 1/2-1/2

[Event "DEM U12 2023"]
[Site "Willingen GER"]
[Date "2023.05.31"]
[Round "5"]
[White "Nemitz, Alfred"]
[Black "Herrmann, Arthur"]
[Result "1/2-1/2"]
[Termination "normal"]
[Board "4"]
[WhiteElo "2079"]
[BlackElo "1875"]
[WhiteClock "00:17:53"]
[BlackClock "00:19:42"]
[PlyCount "101"]
[WhiteFideId "34601791"]
[BlackFideId "16287150"]
[EventCountry "GER"]
[EventRounds "9"]
[EventType "swiss"]
[EventDate "2023.05.27"]

1. d4 {[%clk 01:30:37]} {[%emt 00:00:23]} d5 {[%clk 01:30:56]} {[%emt
00:00:04]} 2. c4 {[%clk 01:31:03]} {[%emt 00:00:05]} dxc4 {[%clk 01:31:20]}
{[%emt 00:00:06]} 3. Nf3 {[%clk 01:31:28]} {[%emt 00:00:05]} Nf6 {[%clk
01:31:45]} {[%emt 00:00:04]} 4. e3 {[%clk 01:31:51]} {[%emt 00:00:06]} e6
{[%clk 01:32:10]} {[%emt 00:00:05]} 5. Bxc4 {[%clk 01:32:05]} {[%emt 00:00:15]}
c5 {[%clk 01:32:38]} {[%emt 00:00:04]} 6. Qe2 {[%clk 01:29:07]} {[%emt
00:03:28]} a6 {[%clk 01:33:02]} {[%emt 00:00:06]} 7. O-O {[%clk 01:29:19]}
{[%emt 00:00:17]} b5 {[%clk 01:33:25]} {[%emt 00:00:09]} 8. Bd3 {[%clk
01:24:30]} {[%emt 00:05:17]} cxd4 {[%clk 01:33:29]} {[%emt 00:00:27]} 9. Nxd4
{[%clk 01:23:10]} {[%emt 00:01:50]} Bb7 {[%clk 01:31:17]} {[%emt 00:02:42]} 10.
Nc3 {[%clk 01:22:36]} {[%emt 00:01:03]} Be7 {[%clk 01:29:51]} {[%emt 00:01:57]}
11. Rd1 {[%clk 01:22:35]} {[%emt 00:00:31]} Nbd7 {[%clk 01:23:52]} {[%emt
00:06:28]} 12. e4 {[%clk 01:17:31]} {[%emt 00:05:35]} Qb8 {[%clk 01:11:54]}
{[%emt 00:12:27]} 13. Be3 {[%clk 01:01:05]} {[%emt 00:16:57]} Nc5 {[%clk
01:03:28]} {[%emt 00:08:57]} 14. Bc2 {[%clk 00:57:18]} {[%emt 00:04:17]} O-O
{[%clk 00:53:13]} {[%emt 00:10:45]} 15. f3 {[%clk 00:54:09]} {[%emt 00:03:37]}
Bd6 {[%clk 00:46:52]} {[%emt 00:06:52]} 16. g3 {[%clk 00:53:03]} {[%emt
00:01:35]} Rd8 {[%clk 00:39:48]} {[%emt 00:07:34]} 17. Rac1 {[%clk 00:51:59]}
{[%emt 00:01:34]} h6 {[%clk 00:33:01]} {[%emt 00:07:18]} 18. Bf2 {[%clk
00:39:52]} {[%emt 00:12:37]} Be7 {[%clk 00:31:08]} {[%emt 00:02:22]} 19. a3
{[%clk 00:25:33]} {[%emt 00:14:50]} Bf8 {[%clk 00:23:09]} {[%emt 00:08:28]} 20.
b4 {[%clk 00:20:22]} {[%emt 00:05:42]} Ncd7 {[%clk 00:23:16]} {[%emt 00:00:22]}
21. Nb3 {[%clk 00:19:44]} {[%emt 00:01:08]} Ne5 {[%clk 00:19:55]} {[%emt
00:03:51]} 22. Nc5 {[%clk 00:15:53]} {[%emt 00:04:22]} Nfd7 {[%clk 00:16:46]}
{[%emt 00:03:38]} 23. Nxd7 {[%clk 00:14:08]} {[%emt 00:02:15]} Rxd7 {[%clk
00:17:09]} {[%emt 00:00:08]} 24. Bb3 {[%clk 00:13:37]} {[%emt 00:01:01]} Qd8
{[%clk 00:14:57]} {[%emt 00:02:42]} 25. Rxd7 {[%clk 00:13:09]} {[%emt
00:00:59]} Qxd7 {[%clk 00:15:12]} {[%emt 00:00:15]} 26. Rd1 {[%clk 00:12:07]}
{[%emt 00:01:31]} Qc7 {[%clk 00:14:29]} {[%emt 00:01:09]} 27. Qe3 {[%clk
00:09:36]} {[%emt 00:03:04]} Rc8 {[%clk 00:13:33]} {[%emt 00:01:26]} 28. Ne2
{[%clk 00:10:04]} {[%emt 00:00:02]} Rd8 {[%clk 00:12:11]} {[%emt 00:01:52]} 29.
Rxd8 {[%clk 00:08:17]} {[%emt 00:02:18]} Qxd8 {[%clk 00:12:36]} {[%emt
00:00:05]} 30. Kg2 {[%clk 00:08:45]} {[%emt 00:00:02]} Qc7 {[%clk 00:08:04]}
{[%emt 00:05:02]} 31. Nf4 {[%clk 00:06:41]} {[%emt 00:02:34]} Bd6 {[%clk
00:07:18]} {[%emt 00:01:15]} 32. Nd3 {[%clk 00:06:16]} {[%emt 00:00:56]} Nxd3
{[%clk 00:06:14]} {[%emt 00:01:33]} 33. Qxd3 {[%clk 00:06:44]} {[%emt
00:00:02]} Be7 {[%clk 00:05:43]} {[%emt 00:01:00]} 34. Bd4 {[%clk 00:05:34]}
{[%emt 00:01:42]} Qd6 {[%clk 00:05:03]} {[%emt 00:01:08]} 35. Qc3 {[%clk
00:05:26]} {[%emt 00:00:35]} Bf8 {[%clk 00:04:17]} {[%emt 00:01:20]} 36. Kf2
{[%clk 00:04:53]} {[%emt 00:01:04]} Qc6 {[%clk 00:03:21]} {[%emt 00:01:24]} 37.
Qxc6 {[%clk 00:04:11]} {[%emt 00:01:14]} Bxc6 {[%clk 00:03:46]} {[%emt
00:00:05]} 38. Ke3 {[%clk 00:04:29]} {[%emt 00:00:11]} Bd6 {[%clk 00:03:11]}
{[%emt 00:01:04]} 39. e5 {[%clk 00:02:30]} {[%emt 00:02:31]} Be7 {[%clk
00:03:28]} {[%emt 00:00:11]} 40. f4 {[%clk 00:02:44]} {[%emt 00:00:18]} g6
{[%clk 00:02:37]} {[%emt 00:01:22]} 41. Bb6 {[%clk 00:29:00]} {[%emt 00:04:10]}
Kf8 {[%clk 00:31:02]} {[%emt 00:02:07]} 42. Kd4 {[%clk 00:29:09]} {[%emt
00:00:22]} Ke8 {[%clk 00:30:05]} {[%emt 00:01:27]} 43. Bc5 {[%clk 00:27:34]}
{[%emt 00:02:05]} Bd8 {[%clk 00:29:23]} {[%emt 00:01:10]} 44. Ba7 {[%clk
00:26:06]} {[%emt 00:01:59]} Be7 {[%clk 00:27:22]} {[%emt 00:02:31]} 45. Bc5
{[%clk 00:26:16]} {[%emt 00:00:20]} Bd8 {[%clk 00:27:45]} {[%emt 00:00:08]} 46.
Bc2 {[%clk 00:25:42]} {[%emt 00:01:03]} Kd7 {[%clk 00:26:35]} {[%emt 00:01:40]}
47. Ke3 {[%clk 00:25:22]} {[%emt 00:00:50]} h5 {[%clk 00:25:14]} {[%emt
00:01:52]} 48. h4 {[%clk 00:24:11]} {[%emt 00:01:40]} Bd5 {[%clk 00:24:32]}
{[%emt 00:01:11]} 49. Bd1 {[%clk 00:20:56]} {[%emt 00:03:46]} Kc6 {[%clk
00:23:29]} {[%emt 00:01:31]} 50. Kd4 {[%clk 00:21:11]} {[%emt 00:00:18]} Kd7
{[%clk 00:19:42]} {[%emt 00:04:17]} 51. Bc2 {[%clk 00:17:53]} 1/2-1/2

[Event "DEM U12 2023"]
[Site "Willingen GER"]
[Date "2023.05.31"]
[Round "5"]
[White "Mohylnyi, Stepan"]
[Black "Vartanian, Roman"]
[Result "1/2-1/2"]
[Termination "normal"]
[Board "5"]
[WhiteElo "2073"]
[BlackElo "1619"]
[WhiteClock "00:13:23"]
[BlackClock "00:04:05"]
[PlyCount "76"]
[WhiteFideId "34127836"]
[BlackFideId "34140107"]
[EventCountry "GER"]
[EventRounds "9"]
[EventType "swiss"]
[EventDate "2023.05.27"]

1. e4 {[%clk 01:30:50]} {[%emt 00:00:09]} c5 {[%clk 01:30:55]} {[%emt
00:00:05]} 2. Nf3 {[%clk 01:31:16]} {[%emt 00:00:04]} Nc6 {[%clk 01:31:21]}
{[%emt 00:00:04]} 3. Bb5 {[%clk 01:31:43]} {[%emt 00:00:04]} a6 {[%clk
01:31:10]} {[%emt 00:00:41]} 4. Bxc6 {[%clk 01:32:08]} {[%emt 00:00:05]} bxc6
{[%clk 01:31:27]} {[%emt 00:00:13]} 5. d4 {[%clk 01:30:20]} {[%emt 00:02:18]}
cxd4 {[%clk 01:31:26]} {[%emt 00:00:30]} 6. Qxd4 {[%clk 01:30:45]} {[%emt
00:00:05]} d5 {[%clk 01:27:19]} {[%emt 00:04:37]} 7. Nc3 {[%clk 01:26:29]}
{[%emt 00:04:46]} e6 {[%clk 01:27:13]} {[%emt 00:00:36]} 8. exd5 {[%clk
01:26:24]} {[%emt 00:00:36]} cxd5 {[%clk 01:27:00]} {[%emt 00:00:43]} 9. Bf4
{[%clk 01:26:17]} {[%emt 00:00:37]} Nf6 {[%clk 01:24:13]} {[%emt 00:03:17]} 10.
h4 {[%clk 01:20:27]} {[%emt 00:06:20]} Bd7 {[%clk 01:20:57]} {[%emt 00:03:45]}
11. Nd2 {[%clk 01:16:21]} {[%emt 00:04:37]} Rc8 {[%clk 01:18:59]} {[%emt
00:02:27]} 12. b4 {[%clk 01:11:23]} {[%emt 00:05:28]} Bb5 {[%clk 01:15:02]}
{[%emt 00:04:27]} 13. Nxb5 {[%clk 01:06:02]} {[%emt 00:05:51]} axb5 {[%clk
01:15:26]} {[%emt 00:00:06]} 14. O-O {[%clk 01:04:21]} {[%emt 00:02:12]} Bd6
{[%clk 01:13:06]} {[%emt 00:02:49]} 15. a4 {[%clk 01:04:03]} {[%emt 00:00:49]}
Bxf4 {[%clk 01:12:57]} {[%emt 00:00:38]} 16. Qxf4 {[%clk 01:04:24]} {[%emt
00:00:10]} bxa4 {[%clk 01:11:39]} {[%emt 00:01:47]} 17. b5 {[%clk 00:55:56]}
{[%emt 00:08:58]} O-O {[%clk 01:04:03]} {[%emt 00:08:06]} 18. Qxa4 {[%clk
00:54:12]} {[%emt 00:02:15]} Qb6 {[%clk 01:00:06]} {[%emt 00:04:22]} 19. Rfc1
{[%clk 00:43:51]} {[%emt 00:10:55]} Rc5 {[%clk 00:53:39]} {[%emt 00:06:54]} 20.
Rab1 {[%clk 00:41:56]} {[%emt 00:02:29]} Rb8 {[%clk 00:43:45]} {[%emt
00:10:21]} 21. c4 {[%clk 00:40:46]} {[%emt 00:01:43]} h6 {[%clk 00:43:10]}
{[%emt 00:01:04]} 22. Rc3 {[%clk 00:29:47]} {[%emt 00:11:30]} Nd7 {[%clk
00:38:52]} {[%emt 00:04:46]} 23. Rg3 {[%clk 00:28:01]} {[%emt 00:02:18]} Ne5
{[%clk 00:30:13]} {[%emt 00:09:06]} 24. Qa1 {[%clk 00:26:48]} {[%emt 00:01:46]}
f6 {[%clk 00:29:36]} {[%emt 00:01:06]} 25. Qd4 {[%clk 00:26:14]} {[%emt
00:01:04]} Kf7 {[%clk 00:16:34]} {[%emt 00:13:31]} 26. Ra1 {[%clk 00:23:20]}
{[%emt 00:03:25]} Rc7 {[%clk 00:13:41]} {[%emt 00:03:23]} 27. c5 {[%clk
00:13:24]} {[%emt 00:10:27]} Rxc5 {[%clk 00:11:20]} {[%emt 00:02:51]} 28. Qf4
{[%clk 00:12:46]} {[%emt 00:01:08]} Rxb5 {[%clk 00:10:55]} {[%emt 00:00:54]}
29. Nf3 {[%clk 00:13:02]} {[%emt 00:00:14]} Rb1+ {[%clk 00:09:46]} {[%emt
00:01:39]} 30. Rxb1 {[%clk 00:13:21]} {[%emt 00:00:11]} Qxb1+ {[%clk 00:09:50]}
{[%emt 00:00:26]} 31. Kh2 {[%clk 00:13:48]} {[%emt 00:00:03]} Nxf3+ {[%clk
00:09:05]} {[%emt 00:01:15]} 32. Qxf3 {[%clk 00:13:43]} {[%emt 00:00:36]} Rg8
{[%clk 00:06:40]} {[%emt 00:02:52]} 33. Qc3 {[%clk 00:13:03]} {[%emt 00:01:12]}
Qb7 {[%clk 00:06:41]} {[%emt 00:00:28]} 34. Qc2 {[%clk 00:12:49]} {[%emt
00:00:46]} Qb8 {[%clk 00:04:24]} {[%emt 00:02:46]} 35. Qg6+ {[%clk 00:12:55]}
{[%emt 00:00:25]} Kf8 {[%clk 00:04:32]} {[%emt 00:00:21]} 36. Kh1 {[%clk
00:12:54]} {[%emt 00:00:31]} Ke7 {[%clk 00:04:19]} {[%emt 00:00:43]} 37. Qh7
{[%clk 00:13:08]} {[%emt 00:00:16]} Qf8 {[%clk 00:04:18]} {[%emt 00:00:31]} 38.
Ra3 {[%clk 00:13:23]} {[%emt 00:00:15]} Qb8 {[%clk 00:04:05]} {[%emt 00:00:43]}
1/2-1/2

[Event "DEM U12 2023"]
[Site "Willingen GER"]
[Date "2023.05.31"]
[Round "5"]
[White "Derr, Oleg"]
[Black "Fischermann, Simon"]
[Result "1-0"]
[Termination "normal"]
[Board "6"]
[WhiteElo "1579"]
[BlackElo "1659"]
[WhiteClock "00:41:28"]
[BlackClock "01:04:35"]
[PlyCount "49"]
[WhiteFideId "34611517"]
[BlackFideId "34620869"]
[EventCountry "GER"]
[EventRounds "9"]
[EventType "swiss"]
[EventDate "2023.05.27"]

1. e4 {[%clk 01:30:52]} {[%emt 00:00:08]} e5 {[%clk 01:30:55]} {[%emt
00:00:05]} 2. Nf3 {[%clk 01:31:15]} {[%emt 00:00:07]} Nc6 {[%clk 01:31:18]}
{[%emt 00:00:07]} 3. Bb5 {[%emt 00:00:09]} a6 {[%clk 01:31:43]} {[%emt
00:00:03]} 4. Ba4 {[%clk 01:32:03]} {[%emt 00:00:05]} f5 {[%clk 01:32:06]}
{[%emt 00:00:06]} 5. d3 {[%clk 01:31:23]} {[%emt 00:01:10]} f4 {[%clk
01:32:01]} {[%emt 00:00:36]} 6. Bxc6 {[%clk 01:30:36]} {[%emt 00:01:17]} dxc6
{[%clk 01:25:28]} {[%emt 00:07:02]} 7. Nxe5 {[%clk 01:30:44]} {[%emt 00:00:22]}
Qg5 {[%clk 01:25:41]} {[%emt 00:00:16]} 8. Nf3 {[%clk 01:30:54]} {[%emt
00:00:22]} Qxg2 {[%clk 01:25:48]} {[%emt 00:00:23]} 9. Rg1 {[%clk 01:31:08]}
{[%emt 00:00:16]} Qh3 {[%clk 01:25:20]} {[%emt 00:00:57]} 10. Bxf4 {[%clk
01:30:35]} {[%emt 00:01:03]} Bg4 {[%clk 01:21:16]} {[%emt 00:04:34]} 11. Rg3
{[%clk 01:29:07]} {[%emt 00:01:59]} Qh5 {[%clk 01:21:28]} {[%emt 00:00:17]} 12.
h3 {[%clk 01:27:19]} {[%emt 00:02:18]} Bxh3 {[%clk 01:21:34]} {[%emt 00:00:24]}
13. Ng5 {[%clk 01:27:35]} {[%emt 00:00:15]} Qxd1+ {[%clk 01:17:09]} {[%emt
00:04:54]} 14. Kxd1 {[%emt 00:00:50]} Bd7 {[%clk 01:16:41]} {[%emt 00:00:04]}
15. Bxc7 {[%clk 01:28:08]} {[%emt 00:00:31]} h6 {[%clk 01:16:44]} {[%emt
00:00:28]} 16. Nf3 {[%clk 01:26:43]} {[%emt 00:01:54]} g5 {[%clk 01:16:42]}
{[%emt 00:00:32]} 17. Nbd2 {[%clk 01:20:57]} {[%emt 00:06:16]} Bc5 {[%clk
01:13:01]} {[%emt 00:04:11]} 18. d4 {[%clk 01:00:33]} {[%emt 00:20:54]} Ba7
{[%clk 01:13:16]} {[%emt 00:00:15]} 19. Be5 {[%clk 00:59:25]} {[%emt 00:01:37]}
Rh7 {[%clk 01:13:32]} {[%emt 00:00:15]} 20. Ke2 {[%clk 00:57:56]} {[%emt
00:02:00]} b5 {[%clk 01:13:19]} {[%emt 00:00:42]} 21. Rh1 {[%clk 00:57:35]}
{[%emt 00:00:52]} Rf7 {[%clk 01:13:28]} {[%emt 00:00:21]} 22. c4 {[%clk
00:51:31]} {[%emt 00:06:34]} O-O-O {[%clk 01:11:27]} {[%emt 00:02:30]} 23. c5
{[%clk 00:50:16]} {[%emt 00:01:46]} Rdf8 {[%clk 01:10:36]} {[%emt 00:01:13]}
24. Rh2 {[%clk 00:46:43]} {[%emt 00:04:09]} Re8 {[%clk 01:04:35]} {[%emt
00:06:32]} 25. Bd6 {[%clk 00:41:28]} {[%emt 00:05:45]} 1-0